000 00546nam a2200193Ia 4500
005 20250508155359.0
008 008 250505s9999 xx 000 0 eng d
037 _aTextual
040 _aFEDL
_beng
_cFEDL
041 _aeng
_2eng
084 _a371.3, BOW
_qFEDL
100 _aBowley R L
_9762387
245 0 _aTeaching without tears : A guide to teaching technique
260 _aLondon, UK
_bCentaur Press
_c1961
300 _a258p.
650 _aTeaching Techniqe
942 _cTEXL
_h371.3, BOW
999 _c1356371
_d1356371